|
|
|
|
| LEADER |
00000cam a2200000 a 4500 |
| 001 |
vtls001221178 |
| 003 |
SK-MaSNL |
| 005 |
20260301154532.0 |
| 008 |
240620s1996 xo a br 0000j slo |
| 015 |
|
|
|a SNBA1996/1203410
|
| 020 |
|
|
|a 8006006814
|
| 035 |
|
|
|a SNK000166300
|
| 040 |
|
|
|a SNK
|b slo
|c SNK
|e AACR2
|
| 041 |
0 |
|
|a slo
|
| 044 |
|
|
|a xo
|c SK
|
| 072 |
|
7 |
|a 821.162.4-3
|x Slovenská próza
|2 konspekt
|
| 072 |
|
7 |
|a 821-93
|x Literatúra pre deti a mládež (beletria)
|2 konspekt
|
| 080 |
|
|
|a 821.162.4-3(087.5)
|2 2001
|
| 080 |
|
|
|a 821.162.4-34
|2 2011
|
| 080 |
|
|
|a 82-34:808.1
|2 2011
|
| 080 |
|
|
|a 82-93-053.4/.5
|2 2011
|
| 100 |
1 |
|
|a Čepčeková, Elena,
|d 1922-1992
|4 aut
|9 93046
|
| 245 |
1 |
0 |
|a Meduška
|c Elena Čepčeková ; ilustrácie Alena Wagnerová
|
| 250 |
|
|
|a 5. vyd.
|
| 260 |
|
|
|a Bratislava
|b Mladé letá
|c 1996
|
| 300 |
|
|
|a 115 s.
|b farebné ilustrácie
|c 17 cm
|
| 500 |
|
|
|a Ilustrácia na titulnej strane a frontispice
|
| 655 |
|
7 |
|a slovenské rozprávky
|2 SNKPH
|9 70528
|
| 655 |
|
7 |
|a autorské rozprávky
|2 SNKPH
|9 70727
|
| 655 |
|
7 |
|a literatúra pre deti
|2 SNKPH
|9 87135
|
| 700 |
1 |
|
|a Wagnerová, Alena
|4 ill
|9 284243
|
| 852 |
|
|
|a Slovenská národná knižnica
|
| 919 |
|
|
|a 80-06-00681-4
|
| 954 |
|
|
|a beletria pôvodná (slovenská)
|2 lita
|
| 958 |
|
|
|a LX
|
| 958 |
|
|
|a DB
|
| 999 |
|
|
|c 797192
|d 799122
|
| 952 |
|
|
|t P60, <09>, [BOOK], {629}
|a SNK
|b SNK
|y NEVYP
|7 0
|o snkD 404
|i snk3472/961016
|0 0
|1 0
|4 0
|d 1996-10-04
|l 0
|r 2005-01-01 00:00:00
|w 2026-02-24
|
| 952 |
|
|
|t P60, <03>, [BOOK], {603}
|a SNK
|b SNK
|y PREZ
|7 0
|p 17A0013267
|o snkSD 68100
|i snkKSP 8310/96
|0 0
|1 0
|4 0
|d 1996-10-04
|l 0
|r 2005-01-01 00:00:00
|w 2026-02-24
|
| 952 |
|
|
|t P60, <04>, [BOOK], {604}
|a SNK
|b SNK
|y VYP
|7 0
|p 17A0013268
|o snkSD 68100 D1
|i snkKSP 8311/96
|0 0
|1 0
|4 0
|d 1996-10-04
|l 0
|r 2005-01-01 00:00:00
|w 2026-02-24
|